000 00675nam a22001937a 4500
999 _c130511
_d130511
008 201020b ||||| |||| 00| 0 eng d
020 _a9789719952794
050 _aBR127.O51 v.4
245 _aSpirituality of the Universal Church
_brediscovering Faith
_cKlaus Kramer and Klaus Vellguth ed.
260 _aPhilippines
_bClaretian Publications
_c2014
300 _axiv, 290p. ;
_c22cm.
440 _aOne world theology
_n4
_949899
650 _aChristianity and other religions
_949900
650 _aMissions
_xTheology
_949892
650 _aSpiritual life
_94105
700 _aKramer, Klaus ed.
_949893
700 _aVellguth, Klaus ed.
_949894
942 _2lcc
_cMONOGRAPH